{"text_format":"3","workbook":"xls","n_sheets":3,"sheets":["Sheet1","Sheet2","Sheet3"],"read":"whole","date_system":"1900","formulas":"cached_only"}

{"sheet":"Sheet1","index":0,"n_rows":32,"n_cols":13,"rows_kept":32,"merged":[[0,2,0,11],[1,2,1,11],[2,2,2,11],[10,12,18,12],[12,1,13,1],[14,1,23,1],[25,1,26,1]],"flags":["formulas_cached_only"]}
[null,null,"连云港五金收料统计日报表"]
[null,null,"日期：   2019  年    4  月  27  日                             填表人： 李秀娟"]
[null,null,"单位：连云港分公司五金配件库"]
[null,"入库单号","品名","规格","单位","单价","数量","金额","供应商名称","联系方式","采购员","检验员","备注"]
[null,"WIN005532","拐尺",50,"把",13,2,26,"赣榆县海头镇海粮建材门市部",null,"徐遵宇"]
[null,"WIN005539","氧气",null,"瓶",25,3,75,"李宝凯",null,"徐遵宇"]
[null,null,"乙炔",null,"瓶",70,2,140,"李宝凯",null,"徐遵宇"]
[null,"WIN005540","小型断路器","NXB-63/3P 63A","个",26.5,10,265,"邳州市电料总汇",null,"王成军"]
[null,null,"交流接触器","CJX2-3201 36V","只",76,10,760,null,null,"王成军"]
[null,"WIN005541","蝴蝶扣","8T","个",35,20,700,"大榆树街建材杂品商店",null,"徐遵宇"]
[null,"WIN005542","SPU直通","12","个",0.5883,200,117.66,"上海星辰气动液压有限公司",null,"徐遵宇",null,"大力神总厂车间代加工"]
[null,"WIN005547","吹风机",null,"台",75,1,75,"赣榆县海头镇海粮建材门市部",null,"徐遵宇"]
[null,"WIN005548","氧气",null,"瓶",25,5,125,"李宝凯",null,"徐遵宇"]
[null,null,"乙炔",null,"瓶",70,5,350,"李宝凯",null,"徐遵宇"]
[null,"WIN005549","硅胶管","Φ45*600","根",35,1,35,"王行利",null,"徐遵宇"]
[null,null,"制动活塞",null,"只",15,8,120,"王行利",null,"徐遵宇"]
[null,null,"刹车片",null,"片",20,4,80,"王行利",null,"徐遵宇"]
[null,null,"夹钳修理包",null,"套",25,2,50,"王行利",null,"徐遵宇"]
[null,null,"刹车油","DOT3","瓶",25,2,50,"王行利",null,"徐遵宇"]
[null,null,"销轴","φ60*180","根",75,1,75,"王行利",null,"徐遵宇"]
[null,null,"销套",null,"只",20,1,20,"王行利",null,"徐遵宇"]
[null,null,"机油","CF-4","桶",320,1,320,"王行利",null,"徐遵宇"]
[null,null,"机滤","永华1011B","只",35,1,35,"王行利",null,"徐遵宇"]
[null,null,"空滤","PU2036","套",65,1,65,"王行利",null,"徐遵宇"]
[null,"WIN005551","柴油","0#","吨",6435,5,32175,"江苏苏新油品销售有限公司",null,"徐遵宇"]
[null,"WIN005552","齿轮油","170KG","桶",2250,1,2250,"连云港以乐润滑油贸易有限公司",null,"徐遵宇"]
[null,null,"黄油","3#","桶",145,10,1450,"连云港以乐润滑油贸易有限公司",null,"徐遵宇"]
[null,"WIN005553","电线","4*0.75mm","米",2.35,100,235,"邳州市电料总汇",null,"王成军"]
[null,"WIN005554","电缆","3*16","米",38.7,100,3870,"邳州市电料总汇",null,"王成军"]
[null,"WIN005555","电缆","3*6+6*1.5mm2","米",46.2,100,4620,"邳州市电料总汇",null,"王成军"]
[null,"WIN005556","铁锹",null,"套",16,50,800,"邳州石荣海建材五金",null,"王成军"]
[null,"WIN005557","三角带","C3937","条",38,20,760,"邳州市农业机械公司",null,"王成军"]

{"sheet":"Sheet2","index":1,"n_rows":0,"n_cols":0,"rows_kept":0,"flags":["formulas_cached_only"]}

{"sheet":"Sheet3","index":2,"n_rows":0,"n_cols":0,"rows_kept":0,"flags":["formulas_cached_only"]}